Every summer after : (Record no. 9565)
[ view plain ]
| 000 -LEADER | |
|---|---|
| fixed length control field | 02107nam a22002537a 4500 |
| 001 - CONTROL NUMBER | |
| control field | 9565 |
| 003 - CONTROL NUMBER IDENTIFIER | |
| control field | FISKH |
| 005 - DATE AND TIME OF LATEST TRANSACTION | |
| control field | 20260123142313.0 |
| 008 - FIXED-LENGTH DATA ELEMENTS--GENERAL INFORMATION | |
| fixed length control field | 260123b cb ||||| |||| 00| 0 eng d |
| 020 ## - INTERNATIONAL STANDARD BOOK NUMBER | |
| International Standard Book Number | 9780349433103 |
| 040 ## - CATALOGING SOURCE | |
| Original cataloging agency | FISKH |
| Language of cataloging | eng |
| Transcribing agency | FISKH |
| Modifying agency | FISKH |
| 050 ## - LIBRARY OF CONGRESS CALL NUMBER | |
| Classification number | PR9199.4 .F678 .E94 |
| 082 ## - DEWEY DECIMAL CLASSIFICATION NUMBER | |
| Classification number | 813.6 |
| 100 ## - MAIN ENTRY--PERSONAL NAME | |
| Personal name | Fortune, Carley |
| 245 ## - TITLE STATEMENT | |
| Title | Every summer after : |
| Remainder of title | 'A radiant debut ' Emily Henry / |
| Statement of responsibility, etc. | By Carley Fortune |
| 250 ## - EDITION STATEMENT | |
| Edition statement | First published in the United States in 2002 |
| 260 ## - PUBLICATION, DISTRIBUTION, ETC. | |
| Place of publication, distribution, etc. | London : |
| Name of publisher, distributor, etc. | Piatkus , |
| Date of publication, distribution, etc. | 2002 . |
| 300 ## - PHYSICAL DESCRIPTION | |
| Extent | 307 pages : |
| Other physical details | illustrator ; |
| Dimensions | 20 cm . |
| 520 ## - SUMMARY, ETC. | |
| Summary, etc. | They say you can never go home again, and for Persephone Fraser, ever since she made the biggest mistake of her life a decade ago, that has felt too true. Instead of glittering summers on the lakeshore of her childhood, she spends them in a stylish apartment in the city, going out with friends, and keeping everyone a safe distance from her heart.<br/>Until she receives the call that sends her racing back to Barrys Bay and into the orbit of Sam Florekthe man she never thought shed have to live without.<br/>For six summers, through hazy afternoons on the water and warm summer nights working in his familys restaurant and curling up together with booksmedical textbooks for him and work-in-progress horror short stories for herPercy and Sam had been inseparable. Eventually that friendship turned into something breathtakingly more, before it fell spectacularly apart.<br/> <br/>When Percy returns to the lake for Sams mothers funeral, their connection is as undeniable as it had always been. But until Percy can confront the decisions she made and the years shes spent punishing herself for them, theyll never know whether their love might be bigger than the biggest mistakes of their past. <br/>Told over the course of six years and one weekend, Every Summer After is a big, sweeping nostalgic story of love and the people and choices that mark us forever. |
| 650 ## - SUBJECT ADDED ENTRY--TOPICAL TERM | |
| Topical term or geographic name entry element | Friends-to-lovers |
| Form subdivision | Fiction |
| 700 ## - ADDED ENTRY--PERSONAL NAME | |
| Personal name | Tucker , Ashley |
| Relator term | Book Designer |
| 942 ## - ADDED ENTRY ELEMENTS (KOHA) | |
| Source of classification or shelving scheme | Dewey Decimal Classification |
| Koha item type | Books |
| Suppress in OPAC | No |
| Withdrawn status | Lost status | Source of classification or shelving scheme | Damaged status | Not for loan | Collection | Home library | Current library | Shelving location | Date acquired | Total Checkouts | Full call number | Barcode | Date due | Date last seen | Date last checked out | Price effective from | Koha item type |
|---|---|---|---|---|---|---|---|---|---|---|---|---|---|---|---|---|---|
| Dewey Decimal Classification | Fiction | Footprints International School Library Network Toul Tom Poung Campus | Footprints International School Library Network Toul Tom Poung Campus | Librarian's Shelf TTP | 01/23/2026 | 1 | FOR 813.6 PR9199.4 .F678 .E94 | 2026-0082 | 04/06/2026 | 03/23/2026 | 03/23/2026 | 01/23/2026 | Books |
